000 00215 a2200097 4500
001 45494
100 _a
245 _aHow to read a balance sheet
260 _aGeneva
_bInternational labor
_c
090 _c28654
_d28654
942 _aNUST-CAE
_cM
_c20729
999 _c280567
_d280567